00161nam a2200061Ia 4500008004100000100004300041245001500084211126s9999 xx 000 0 und d a BLOEMHOF, Francois Pretoria, 2006  0aSpinnerak